00523 2200205 4500001002100000005001500021035002000036007000300056008004100059020002200100082000800122084001400130100002400144245004300168250001100211260003900222300002600261650002100287990000900308INLIS00000000000138820180131102440 a0010-0118000206ta180131 d 0 ind  a978-602-313-021-4 a813 a813 ABI m0 aABIDAH, El Khalieqy1 aMimpi Anak Pulau /cAbidah El Khalieqy acet. 2 aYogyakarta :bAr-Ruzz Media,c2016 a448 Hlm ;c14 x 21 cm aNOVEL ANAK PULAU a5649